000 00496nam a2200169Ia 4500
008 190717s9999 xx 000 0 und d
100 _aAbes, Maria Patricia
245 _aAllergic rhinitis/
245 _cMaria Patricia Abes; Maria Remedios Ignacio; Naneth Tiu
260 _bFAME Inc.
260 _c2018
300 _aPages 28-30, July 2018
440 _aHealth and Lifestyle: Battling The Bulge
_v12/30/1899 5:07:00 PM
650 _aAllergy
650 _aDiagnosis
650 _atreatment
999 _c361979
_d361979